[Event "Titled Tue 3rd Jan Late"]
[Site "chess.com INT"]
[Date "2025.06.03"]
[Round "1"]
[White "Donoso Aguirre, Maximiliano"]
[Black "Habans Aguerrea, Javier"]
[Result "0-1"]
[WhiteTitle "CM"]
[BlackTitle "IM"]
[WhiteElo "2002"]
[BlackElo "2448"]
[WhiteFideId "3458920"]
[BlackFideId "24524689"]
[EventDate "2025.06.03"]

1. e4 c5 2. c3 Nf6 3. e5 Nd5 4. Nf3 Nc6 5. Bc4 Nb6 6. Bb3 g6 7. d4 cxd4 8. Ng5
d5 9. exd6 e6 10. Qf3 Ne5 11. Qe4 Bg7 12. cxd4 Nec4 13. O-O Nxd6 14. Qf4 O-O 15.
Nc3 Nf5 16. Be3 Bxd4 17. Bxd4 Qxd4 18. Nce4 h6 19. Nf3 Qg7 20. g4 g5 21. Qc7 Nd5
22. Bxd5 exd5 23. Nc3 Nd4 24. Nxd4 Qxd4 25. h3 Be6 26. Rad1 Qc4 27. Qxb7 Rfb8
28. Qe7 Rxb2 29. Qf6 Rc2 30. Nb1 Qf4 31. Qxh6 Rac8 32. Rde1 R8c6 33. Na3 Rb2 34.
Rb1 Rbb6 35. Rxb6 axb6 36. Nb5 Bd7 37. Qh5 Kg7 38. Re1 Rh6 39. Qxh6+ Kxh6 40.
Nc3 Be6 41. Ne2 Qe4 42. Kf1 d4 43. Ng3 Qf3 44. Re5 d3 45. Re3 Qd5 46. Ke1 Qd4
47. Kd2 Kg6 48. Ne4 Bc4 49. Nc3 Qc5 50. Ne4 Qb4+ 51. Kd1 Qb1+ 52. Kd2 Qc2+ 53.
Ke1 Qc1# 0-1

[Event "Titled Tue 3rd Jan Late"]
[Site "chess.com INT"]
[Date "2025.06.03"]
[Round "1"]
[White "Ersoz, Teoman Guney"]
[Black "Maglioni, Leonardo"]
[Result "1-0"]
[WhiteTitle "CM"]
[WhiteElo "2090"]
[BlackElo "2069"]
[WhiteFideId "44537050"]
[BlackFideId "2896830"]
[EventDate "2025.06.03"]

1. d4 Nf6 2. Nc3 g6 3. Bg5 Bg7 4. e4 d6 5. Nf3 O-O 6. Qd2 a6 7. Bh6 c5 8. h4
cxd4 9. Nxd4 Qb6 10. O-O-O Nc6 11. Bxg7 Kxg7 12. Nxc6 bxc6 13. h5 Rb8 14. b3 Be6
15. hxg6 fxg6 16. Qh6+ Kg8 17. f3 Rf7 18. Bd3 a5 19. g4 Qb4 20. Nb1 a4 21. g5
Nh5 22. Rxh5 gxh5 23. g6 hxg6 24. Qxg6+ Kf8 25. Qxe6 axb3 26. axb3 Qc5 27. Qh6+
Rg7 28. Bc4 Qg5+ 29. Qxg5 Rxg5 30. Nd2 d5 31. Bd3 e6 32. f4 Rg3 33. f5 exf5 34.
exf5 Kf7 35. Nf1 Rg1 36. Ne3 Rbg8 37. Rxg1 Rxg1+ 38. Kd2 Kf6 39. Ke2 Rh1 40. Kf2
Rh2+ 41. Kg3 Rh1 42. Ng2 c5 43. Kf4 Rh2 44. Ne3 Rf2+ 45. Kg3 Rd2 46. Nxd5+ Ke5
47. Ne3 Kd4 48. Nf1 Rd1 49. f6 Ra1 50. f7 Ra8 51. Bc4 Rf8 52. Nd2 Kc3 53. Nf3
Kxc2 54. Ng5 Kc3 55. Nh7 Rxf7 56. Bxf7 h4+ 57. Kxh4 c4 58. Bxc4 1-0

[Event "Titled Tue 3rd Jan Late"]
[Site "chess.com INT"]
[Date "2025.06.03"]
[Round "1"]
[White "Montano Vicente, Guadalupe"]
[Black "Belov, Alexei"]
[Result "1/2-1/2"]
[BlackTitle "IM"]
[WhiteElo "1940"]
[BlackElo "2421"]
[WhiteFideId "5181399"]
[BlackFideId "4128206"]
[EventDate "2025.06.03"]

1. d4 d5 2. c4 e6 3. Nc3 Be7 4. Nf3 Nf6 5. Bg5 Nbd7 6. e3 O-O 7. Rc1 a6 8. c5 c6
9. Be2 b6 10. cxb6 Qxb6 11. Qc2 c5 12. O-O cxd4 13. Nxd4 Bb7 14. Na4 Qa5 15.
Bxf6 Nxf6 16. Nc5 Bxc5 17. Qxc5 Qxc5 18. Rxc5 Rfc8 19. Rfc1 Ne4 20. Rc7 Rab8 21.
f3 Nd6 22. Rxc8+ Rxc8 23. Rxc8+ Bxc8 24. b3 Kf8 25. Bd3 Bb7 26. f4 h6 27. Kf2
Ke7 28. a4 f6 29. Nf3 g5 30. g3 Nf7 31. h3 e5 32. fxe5 Nxe5 33. Nxe5 fxe5 34.
Bf5 Kd6 35. Ke2 a5 36. Kd2 Kc5 37. Kc3 d4+ 38. exd4+ exd4+ 39. Kb2 Ba6 40. h4
Kd5 41. Kc2 Ke5 42. Bg6 gxh4 43. gxh4 Kf4 44. Kd2 Kg4 45. h5 Kg5 46. Bf7 Kf4 47.
Bg6 Ke5 48. Bf7 Kd6 49. Bg8 Kc5 50. Bf7 Bb7 51. Be6 Bd5 52. Bxd5 Kxd5 53. Kc2
Ke4 54. Kd2 d3 55. b4 axb4 56. a5 b3 57. a6 b2 58. a7 b1=Q 59. a8=Q+ Kf4 60.
Qf8+ Kg5 61. Qg7+ Kxh5 62. Qe5+ Kg4 63. Qe6+ Kf3 64. Qf5+ Kg3 65. Qg6+ Kf2 66.
Qf6+ Kg3 67. Qg6+ Kf3 68. Qf5+ Kg3 69. Qg6+ 1/2-1/2

[Event "Titled Tue 3rd Jan Late"]
[Site "chess.com INT"]
[Date "2025.06.03"]
[Round "1"]
[White "Nguyen Hong Nhung"]
[Black "Vasquez Schroeder, Rodrigo"]
[Result "1/2-1/2"]
[WhiteTitle "WFM"]
[BlackTitle "GM"]
[WhiteElo "2197"]
[BlackElo "2446"]
[WhiteFideId "12412201"]
[BlackFideId "3400042"]
[EventDate "2025.06.03"]

1. e4 e6 2. d4 d5 3. Nc3 Bb4 4. e5 c5 5. a3 Bxc3+ 6. bxc3 Ne7 7. Qg4 cxd4 8.
Qxg7 Rg8 9. Qxh7 Qc7 10. Ne2 dxc3 11. f4 Nbc6 12. Qd3 d4 13. Nxd4 Nxd4 14. Qxd4
Bd7 15. Rg1 Nf5 16. Qf2 Qc6 17. Bd3 Qd5 18. Be3 Bc6 19. g4 Nxe3 20. Qxe3 O-O-O
21. Qxa7 Qd4 22. Qxd4 Rxd4 23. Ke2 Rxf4 24. h3 Rg5 25. Raf1 Rxe5+ 26. Kd1 Rf3
27. h4 Kd8 28. Rxf3 Bxf3+ 29. Kc1 Bxg4 30. Kb1 Bh5 31. Ka2 Ke7 32. Kb3 Rc5 33.
Kb4 Kd6 34. Rg8 Rc7 35. Rg5 Bf3 36. h5 f6 37. Rg6 Ke5 38. h6 f5 39. Rg7 Rc8 40.
h7 Rh8 41. Kxc3 Kf6 42. Rc7 e5 43. Bc4 f4 44. Bg8 Be4 45. Rf7+ Kg5 46. Kd2 Bg6
47. Re7 e4 48. Rxb7 e3+ 49. Ke2 Bxc2 50. Rb8 Bf5 51. Rb5 Kf6 52. Kf3 Bd3 53.
Rb6+ Ke5 54. Rb8 Be4+ 55. Ke2 Bxh7 56. Rb5+ Kd6 57. Bxh7 Rxh7 58. Kf3 Re7 59.
Rb1 e2 60. Re1 Kd5 61. Rxe2 Ra7 62. Kxf4 Rxa3 63. Re5+ Kd6 64. Re4 Rd3 65. Re2
Rd5 66. Kf3 Rf5+ 67. Ke3 Re5+ 68. Kd3 Rxe2 69. Kxe2 1/2-1/2

[Event "Titled Tue 3rd Jan Late"]
[Site "chess.com INT"]
[Date "2025.06.03"]
[Round "1"]
[White "Dovgaliuk, Oleksandr"]
[Black "Rozman, Levy"]
[Result "1/2-1/2"]
[BlackTitle "IM"]
[WhiteElo "2240"]
[BlackElo "2324"]
[WhiteFideId "14167247"]
[BlackFideId "2039877"]
[EventDate "2025.06.03"]

1. c4 g6 2. d4 Bg7 3. h4 h6 4. Nc3 d6 5. e4 Nc6 6. Be3 Nf6 7. Be2 e5 8. d5 Nd4
9. Nf3 Nxe2 10. Qxe2 Ng4 11. Bd2 c6 12. O-O-O Qb6 13. Be1 O-O 14. Nh2 Nxh2 15.
Rxh2 c5 16. g4 a6 17. Bd2 Qd8 18. h5 g5 19. f3 b5 20. Qd3 Bd7 21. Kb1 Rb8 22.
Be3 Qa5 23. Ka1 Rb7 24. Nb1 Rfb8 25. Qa3 Qc7 26. Rc1 Bf6 27. Bd2 Bd8 28. b3 Kg7
29. Qb2 a5 30. Na3 a4 31. bxa4 bxc4 32. Qc3 Bxa4 33. Nxc4 Bb5 34. Rhh1 Ra7 35.
Rb1 Rab7 36. Rhc1 Kf8 37. Na5 Qxa5 38. Qxa5 Bxa5 39. Bxa5 Be2 40. Rxb7 Rxb7 41.
Rc3 c4 42. a3 Ke8 43. Bb4 Kd7 44. Kb2 Bd3 45. Kc1 Rb8 46. Kb2 Ra8 47. Rc1 Ra6
48. Re1 Kc8 49. Kc3 Rb6 50. Re3 Kb7 51. Re1 Ka6 52. a4 Kb7 53. Re3 Ra6 54. a5
Kc7 55. Re1 Ra8 56. Re3 Rg8 57. Re1 Re8 58. Re3 Ra8 59. Re1 Rd8 60. Re3 Kb7 61.
Re1 Ka6 62. Re3 Rd7 63. Re1 Rd8 64. Re3 Rd7 65. Re1 Rd8 1/2-1/2

[Event "Titled Tue 3rd Jan Late"]
[Site "chess.com INT"]
[Date "2025.06.03"]
[Round "1"]
[White "Morris-Suzuki, Alan H"]
[Black "Flynn, Jacob"]
[Result "1/2-1/2"]
[BlackTitle "CM"]
[WhiteElo "1986"]
[BlackElo "2271"]
[WhiteFideId "30933218"]
[BlackFideId "2509393"]
[EventDate "2025.06.03"]

1. Nf3 d5 2. g3 Nf6 3. Bg2 c6 4. O-O Bf5 5. c4 e6 6. cxd5 exd5 7. d3 Nbd7 8. Nc3
Bc5 9. e4 dxe4 10. dxe4 Bg4 11. Qc2 O-O 12. Bf4 Re8 13. Rad1 Qe7 14. Rfe1 Bxf3
15. Bxf3 Ne5 16. Bg2 Neg4 17. Rd2 Rad8 18. Rde2 Ne5 19. Na4 Nd3 20. Nxc5 Qxc5
21. Qxc5 Nxc5 22. Bg5 Nd3 23. Rd1 Ne5 24. Ree1 h6 25. Bxf6 gxf6 26. f4 Nc4 27.
b3 Nb6 28. Kf2 Kf8 29. g4 a5 30. Ke2 a4 31. Rxd8 Rxd8 32. Rd1 Ra8 33. b4 Ke7 34.
Rb1 a3 35. b5 c5 36. e5 fxe5 37. fxe5 Rg8 38. h3 h5 39. Bf3 hxg4 40. hxg4 Rg5
41. Bxb7 Rxe5+ 42. Kf3 c4 43. Bc6 Kd6 44. Kf4 Re2 45. Ra1 Kc5 46. Kf5 Kd4 47.
Kf6 Rf2+ 48. Ke7 Kc5 49. g5 Na4 50. Be8 Nc3 51. Bxf7 Nxa2 52. g6 Rg2 53. Kf8 Nc3
54. Rxa3 Nxb5 55. Ra8 Nd6 56. g7 Nxf7 57. Kxf7 c3 58. Rc8+ Kd4 59. Rc6 Rxg7+ 60.
Kxg7 Kd3 61. Kf6 c2 62. Ke5 Kd2 63. Rd6+ Ke2 64. Rc6 Kd2 65. Rd6+ Ke2 66. Rc6
Kd2 1/2-1/2

[Event "Titled Tue 3rd Jan Late"]
[Site "chess.com INT"]
[Date "2025.06.03"]
[Round "1"]
[White "Jaskolka, Tomasz"]
[Black "Yevchenko, Oleksandr"]
[Result "1/2-1/2"]
[WhiteTitle "CM"]
[BlackTitle "CM"]
[WhiteElo "2200"]
[BlackElo "2276"]
[WhiteFideId "1170791"]
[BlackFideId "14108267"]
[EventDate "2025.06.03"]

1. d4 Nf6 2. Bf4 d5 3. e3 c5 4. c3 Nc6 5. Nd2 Bf5 6. Ngf3 Qb6 7. Qb3 c4 8. Qxb6
axb6 9. Nh4 Bd7 10. e4 e6 11. e5 Ng8 12. Be2 b5 13. O-O h6 14. Be3 b4 15. f4 Be7
16. Nhf3 g6 17. g4 h5 18. h3 hxg4 19. hxg4 Nh6 20. Ng5 b5 21. Rfb1 Kd8 22. Kg2
Kc7 23. Nf1 Na5 24. cxb4 Bxb4 25. Bd2 Nc6 26. a3 Bxd2 27. Nxd2 Na5 28. Rc1 Kb6
29. Rc3 Rhc8 30. Rh1 Ng8 31. Nxf7 Rf8 32. Rh7 Be8 33. Ng5 Rxf4 34. Nxe6 Rf7 35.
Rxf7 Bxf7 36. Ng5 Be8 37. Bf3 Ne7 38. b3 Nac6 39. bxc4 bxc4 40. Ne6 Ra5 41. Rc1
Rb5 42. Nb1 Rb2+ 43. Kg3 Na5 44. Nc3 Nb3 45. Rh1 Bc6 46. Rh7 Nc8 47. Nxd5+ Bxd5
48. Bxd5 Ka6 49. Bxc4+ Kb6 50. Bxb3 Rxb3+ 51. Kf4 Rxa3 52. d5 Ra4+ 53. Kg5 Ra5
54. Rd7 Ra4 55. Kxg6 Rxg4+ 56. Kf5 Rg1 57. Rd8 Rf1+ 58. Ke4 Ne7 59. Rb8+ Ka7 60.
Rb5 Re1+ 61. Kd4 Rd1+ 62. Ke4 Re1+ 63. Kf4 Rf1+ 64. Kg5 Rf5+ 65. Kg4 Rxe5 66.
Nd8 Rxd5 67. Nc6+ Ka6 68. Rxd5 Nxd5 1/2-1/2

[Event "Titled Tue 3rd Jan Late"]
[Site "chess.com INT"]
[Date "2025.06.03"]
[Round "1"]
[White "Odegov, Artem"]
[Black "Hartge, Gedeon"]
[Result "0-1"]
[WhiteTitle "FM"]
[BlackTitle "FM"]
[WhiteElo "2244"]
[BlackElo "2328"]
[WhiteFideId "34183644"]
[BlackFideId "12932116"]
[EventDate "2025.06.03"]

1. d4 Nf6 2. Nf3 c5 3. c3 d5 4. dxc5 a5 5. c4 e6 6. Nc3 Bxc5 7. cxd5 exd5 8. e3
O-O 9. Be2 Nc6 10. Nb5 Qb6 11. O-O Bg4 12. Qa4 Rad8 13. Bd2 Ne4 14. Be1 Bxe3 15.
Rd1 Bc5 16. h3 Bh5 17. b3 Rfe8 18. Bd3 h6 19. Nc3 Bxf3 20. gxf3 Ng5 21. Kg2 Ne5
22. f4 Nxd3 23. Rxd3 Ne4 24. Nxd5 Qg6+ 25. Kh2 Nf6 26. Rg3 Qf5 27. Nxf6+ Qxf6
28. Bc3 Bd4 29. Bxa5 b6 30. Bd2 Re2 31. Rd3 Rxd2 32. Rf3 Bc5 33. Qe4 R2d4 34.
Qe5 Rxf4 35. Qxf6 Rxf6 36. Rxf6 gxf6 37. Kg3 Rd2 38. f4 Rxa2 39. Kg4 Rb2 40. Rf3
Kg7 41. Kf5 Rd2 42. Rg3+ Kf8 43. Kxf6 Rd4 44. Kf5 Bd6 45. Rf3 Ke7 46. Re3+ Kd7
47. Kf6 Rxf4+ 48. Kg7 h5 49. Rd3 h4 50. Kh6 Kc6 51. Kh5 Bc5 52. Kg5 Rb4 53. Rf3
Kb5 54. Kh5 Ka5 55. Kg5 Rd4 56. Rxf7 Kb4 57. Rf3 Be7+ 58. Kh5 Bc5 59. Kg5 Re4
60. Kh5 Re3 61. Rf4+ Kxb3 62. Kxh4 b5 63. Rf1 b4 64. Kg4 Kc4 65. Rc1+ Rc3 66.
Kf4 Rxc1 67. h4 Rh1 68. Kg4 b3 69. h5 b2 70. Kf5 b1=Q+ 71. Ke6 Qh7 72. Kf6 Qxh5
73. Ke6 Re1+ 74. Kf6 Qf3+ 75. Kg6 Rg1+ 76. Kh6 Qh1# 0-1

[Event "Titled Tue 3rd Jan Late"]
[Site "chess.com INT"]
[Date "2025.06.03"]
[Round "1"]
[White "Venkatesh, Narayan"]
[Black "Orshonova, Elena"]
[Result "1/2-1/2"]
[WhiteTitle "FM"]
[BlackTitle "WFM"]
[WhiteElo "2168"]
[BlackElo "1948"]
[WhiteFideId "30987881"]
[BlackFideId "24174750"]
[EventDate "2025.06.03"]

1. d4 d5 2. c4 c6 3. Nc3 Nf6 4. e3 e6 5. Nf3 Nbd7 6. Qc2 Be7 7. e4 dxe4 8. Nxe4
Nxe4 9. Qxe4 Nf6 10. Qc2 c5 11. Be3 Qa5+ 12. Bd2 Qb6 13. dxc5 Bxc5 14. O-O-O O-O
15. Bg5 Bxf2 16. Bxf6 gxf6 17. Bd3 Be3+ 18. Kb1 f5 19. g4 fxg4 20. Bxh7+ Kh8 21.
Ne5 Bd4 22. h3 Bxe5 23. hxg4 Qxb2+ 24. Qxb2 Bxb2 25. Be4+ Kg7 26. Kxb2 f5 27.
gxf5 exf5 28. Bd5 a6 29. Rdg1+ Kf6 30. Rh6+ Ke5 31. Re1+ Kd4 32. Rh7 Rb8 33.
Rhe7 b5 34. Rd1+ Kc5 35. Rc7+ Kb6 36. Rc6+ Ka5 37. c5 Bb7 38. Rd6 Bxd5 39. R6xd5
Rbc8 40. R1d3 b4 41. Rd1 Kb5 42. Rc1 Rc6 43. Kb3 a5 44. a4+ bxa3 45. Kxa3 f4 46.
Rb1+ Kc4 47. Rh5 f3 48. Rc1+ Kd4 49. Rd1+ Ke3 50. Re1+ Kf2 51. Rb1 Rf4 52. Rb2+
Ke3 53. Rb3+ Ke4 54. Rb1 f2 55. Rf1 Kd4 56. Rh2 Ke3 57. Rhh1 Rxc5 58. Kb3 Rd5
59. Kc3 a4 60. Ra1 Rc5+ 61. Kb2 Rb5+ 62. Ka3 Rb3+ 63. Ka2 Rd3 64. Rac1 Ke2 65.
Rhf1 Rd2+ 66. Ka3 Rd3+ 67. Ka2 a3 68. Rb1 Rff3 69. Rbc1 Rd2+ 70. Ka1 a2 71. Rh1
Rg3 72. Rcf1 Rg1 73. Rhxg1 fxg1=Q 74. Rxg1 Rd1+ 75. Rxd1 Kxd1 76. Kxa2 1/2-1/2

[Event "Titled Tue 3rd Jan Late"]
[Site "chess.com INT"]
[Date "2025.06.03"]
[Round "1"]
[White "Dudin, Gleb"]
[Black "Aliyev, Elnur"]
[Result "1-0"]
[WhiteTitle "GM"]
[BlackTitle "CM"]
[WhiteElo "2564"]
[BlackElo "2155"]
[WhiteFideId "34184934"]
[BlackFideId "13402617"]
[EventDate "2025.06.03"]

1. Nf3 Nf6 2. c4 c6 3. g3 d5 4. Bg2 Bg4 5. Ne5 Be6 6. d4 Nbd7 7. O-O g6 8. Nc3
Bg7 9. cxd5 Nxd5 10. Nxd5 cxd5 11. Nd3 Nf6 12. Nc5 Bc8 13. Qa4+ Bd7 14. Qb3 b6
15. Nxd7 Qxd7 16. Bf4 O-O 17. Rfc1 Rfc8 18. e3 e6 19. Bf1 Rxc1 20. Rxc1 Rc8 21.
Rxc8+ Qxc8 22. Qa4 Qb7 23. Ba6 Qa8 24. Qc2 Nh5 25. Bc7 Bf8 26. h3 Ng7 27. a3 Ne8
28. Bf4 Bd6 29. Bg5 Nc7 30. Bd3 Qe8 31. h4 Kg7 32. e4 dxe4 33. Bxe4 h6 34. Bd2
Nd5 35. Qc1 h5 36. Qc4 Qe7 37. Bxd5 exd5 38. Qxd5 Kg8 39. Kg2 Kg7 40. Bg5 Qc7
41. a4 Kg8 42. b3 Kg7 43. Qc4 Qd7 44. d5 Qf5 45. Qc3+ Be5 46. Qf3 f6 47. Qxf5
gxf5 48. Bd2 Kf7 49. Bb4 Ke8 50. Kf3 Kd7 51. Ke3 a6 52. Bf8 b5 53. axb5 axb5 54.
Kd3 Bc7 55. Kd4 Be5+ 56. Kc5 f4 57. gxf4 Bxf4 58. Kxb5 f5 59. Kc4 Bd2 60. b4 Be1
61. Bc5 Bd2 62. b5 Bh6 63. b6 Bg7 64. Bd4 Bf8 65. Be5 Kc8 66. Kb5 Bh6 67. Kc6
Bd2 68. b7+ Kd8 69. b8=Q+ Ke7 70. Qd6+ Kf7 71. Qf6+ Ke8 72. Bd6 Bb4 73. Qe7# 1-0

[Event "Titled Tue 3rd Jan Late"]
[Site "chess.com INT"]
[Date "2025.06.03"]
[Round "1"]
[White "Mirimanian, Hayk"]
[Black "Tristan, Leonardo"]
[Result "0-1"]
[WhiteTitle "FM"]
[BlackTitle "GM"]
[WhiteElo "2237"]
[BlackElo "2536"]
[WhiteFideId "4700180"]
[BlackFideId "113816"]
[EventDate "2025.06.03"]

1. c4 e6 2. Nc3 d5 3. cxd5 exd5 4. d4 a6 5. Bf4 Nf6 6. e3 Bd6 7. Bd3 O-O 8. Nge2
Re8 9. Qc2 Bxf4 10. Nxf4 c5 11. O-O cxd4 12. exd4 Nc6 13. Rad1 Qd6 14. Qd2 Ne4
15. Nxe4 dxe4 16. Bc4 Bg4 17. Be2 Bf5 18. Rfe1 Rad8 19. d5 Nb4 20. a3 Nd3 21.
Nxd3 exd3 22. Bxd3 Qxd5 23. Rxe8+ Rxe8 24. Bf1 Qxd2 25. Rxd2 h5 26. h4 Re1 27.
f3 Rc1 28. Kf2 b5 29. a4 bxa4 30. Bxa6 Be6 31. Ke3 Bb3 32. Kf4 Kh7 33. Bd3+ g6
34. Be4 Kg7 35. g4 hxg4 36. fxg4 Rc4 37. Ke3 Rc1 38. Kf4 Rf1+ 39. Kg3 Re1 40.
Bc6 Re6 41. Bf3 Rb6 42. Kf4 Rb4+ 43. Kg3 Be6 44. Bd1 Bb3 45. Be2 Be6 46. h5 Rb3+
47. Kf4 Rb4+ 48. Kg3 g5 49. Bf3 Rb3 50. Kf2 Kf6 51. Bd1 Rb4 52. Bf3 Rb3 53. Bd1
Rb4 54. Bf3 Bxg4 55. Bxg4 Rxg4 56. Rd6+ Kg7 57. h6+ Kh7 58. Rf6 Rf4+ 59. Rxf4
gxf4 60. Kf3 Kxh6 61. Kxf4 Kg6 62. Ke5 f5 63. Kd4 Kg5 64. Ke3 f4+ 65. Kf3 Kf5
66. Kf2 Ke4 67. Ke2 f3+ 68. Kf2 Kf4 69. Kf1 Ke3 70. Ke1 Kd3 71. Kf2 Kc2 72. b4
axb3 73. Kxf3 b2 74. Ke2 b1=Q 0-1

[Event "Titled Tue 3rd Jan Late"]
[Site "chess.com INT"]
[Date "2025.06.03"]
[Round "1"]
[White "Yadegar, Radin"]
[Black "Gomez Gonzales, Fabiana"]
[Result "1-0"]
[WhiteTitle "FM"]
[BlackTitle "WCM"]
[WhiteElo "2387"]
[BlackElo "1843"]
[WhiteFideId "42519985"]
[BlackFideId "3860191"]
[EventDate "2025.06.03"]

1. Nc3 d5 2. e4 d4 3. Nce2 e5 4. Nf3 Bd6 5. Ng3 c5 6. Bc4 Nc6 7. O-O Nf6 8. d3
O-O 9. a3 a6 10. h3 b5 11. Ba2 Qe7 12. Nh4 Qc7 13. Qf3 Ne7 14. Bg5 Ne8 15. Ngf5
Be6 16. Qg4 Bxa2 17. Bf6 Ng6 18. Bxg7 Nxg7 19. Rxa2 Be7 20. Nh6+ Kh8 21. N4f5
Bf6 22. Raa1 Qd8 23. g3 Bg5 24. Nxg7 Bxh6 25. Nf5 Qg5 26. Qf3 Qf6 27. h4 Bg7 28.
Qg4 Ne7 29. f4 Nxf5 30. fxe5 Qxe5 31. Rxf5 Qe6 32. Raf1 Bh6 33. Qh5 Be3+ 34. Kh1
Qg6 35. Qf3 Rg8 36. Rxf7 Qe6 37. Rf5 Qg6 38. Kg2 Bh6 39. Rxc5 Raf8 40. Rf5 Rxf5
41. exf5 Qf6 42. Kh3 Rf8 43. Qe4 Be3 44. g4 Qf7 45. g5 Qd7 46. Rf3 Qc7 47. f6
Qxc2 48. f7 Qc8+ 49. Kg2 Qc7 50. Qf5 Qe7 51. Qd5 Kg7 52. Rf6 Bd2 53. h5 Qe2+ 54.
Rf2 Qe3 55. h6+ Kh8 56. Rf5 Qe2+ 57. Kh3 Qxd3+ 58. Kh4 Be1+ 59. Kg4 Qe2+ 60. Rf3
Qe7 61. Qxd4+ 1-0

[Event "Titled Tue 3rd Jan Late"]
[Site "chess.com INT"]
[Date "2025.06.03"]
[Round "1"]
[White "Saidov, Bilukhadzh"]
[Black "Bogaudinov, Rushan"]
[Result "0-1"]
[WhiteTitle "FM"]
[BlackTitle "FM"]
[WhiteElo "2309"]
[BlackElo "1912"]
[WhiteFideId "34165476"]
[BlackFideId "4129288"]
[EventDate "2025.06.03"]

1. d4 d5 2. Bf4 Nf6 3. e3 c6 4. c4 g6 5. Nc3 Bg7 6. h3 O-O 7. Nf3 Nbd7 8. Rc1
dxc4 9. Bxc4 Nb6 10. Bb3 Nbd5 11. Bh2 Nxc3 12. bxc3 b6 13. O-O Bb7 14. Ne5 e6
15. Qe2 Qe7 16. Rfd1 Rfd8 17. Ba4 Rac8 18. Nd3 c5 19. Qb2 cxd4 20. cxd4 Nd5 21.
Bg3 Rxc1 22. Rxc1 Rc8 23. Rxc8+ Bxc8 24. Bb3 Bb7 25. Qc2 Qd7 26. Ne5 Qc8 27.
Qxc8+ Bxc8 28. Nc6 Bd7 29. Nxa7 Bf8 30. Bc4 Nc3 31. Bc7 b5 32. Bb3 Bb4 33. Bb6
Kf8 34. Bc5+ Bxc5 35. dxc5 Be8 36. f3 Ke7 37. e4 Kd8 38. Kf2 Kc7 39. Ke3 Kb7 40.
Kd4 Nxa2 41. Nxb5 Bxb5 42. Bxa2 Bf1 43. g3 Bxh3 44. Bb3 Kc7 45. Ba4 f6 46. e5 f5
47. f4 h6 48. Bb3 Kd7 49. Ba4+ Kc7 50. Bb5 Bg2 51. Bc4 Kd7 52. Bb5+ Bc6 53. Be2
g5 54. Bh5 Bd5 55. Bg6 gxf4 56. gxf4 Kc7 57. Be8 Bc6 58. Bf7 Bd5 59. Bh5 Bc6 60.
Bd1 Bd5 61. Be2 Kc6 62. Bd1 Kc7 63. Bc2 h5 64. Ba4 h4 65. Ke3 h3 0-1

[Event "Titled Tue 3rd Jan Late"]
[Site "chess.com INT"]
[Date "2025.06.03"]
[Round "1"]
[White "Chen, Yidong"]
[Black "Serban, Cristian-Stefan"]
[Result "0-1"]
[BlackTitle "FM"]
[WhiteElo "2038"]
[BlackElo "2332"]
[WhiteFideId "8607028"]
[BlackFideId "1241443"]
[EventDate "2025.06.03"]

1. e4 g6 2. d4 Bg7 3. Nc3 d6 4. Be3 c6 5. a4 Nd7 6. Bc4 Ngf6 7. f3 O-O 8. Bb3 c5
9. Nge2 cxd4 10. Nxd4 Nc5 11. Qd2 Nxb3 12. Nxb3 h5 13. Bh6 Bd7 14. h4 Rc8 15.
O-O-O Qb6 16. g4 Bxa4 17. Bxg7 Kxg7 18. Nd4 Bd7 19. Kb1 Rc5 20. g5 Nh7 21. Nd5
Qd8 22. Nb3 Rc8 23. Qd4+ Kg8 24. Qxa7 Bc6 25. Qd4 Re8 26. Rhf1 Nf8 27. f4 Ne6
28. Qe3 Bxd5 29. Rxd5 Qc7 30. Rd2 Qc4 31. Rdf2 Nc5 32. Nxc5 Rxc5 33. f5 Ra8 34.
fxg6 fxg6 35. Qb3 Qxb3 36. cxb3 Re5 37. Rf4 Rc8 38. Rc1 Rxc1+ 39. Kxc1 Kg7 40.
Kd2 Rb5 41. Kc3 Rc5+ 42. Kd2 Rb5 43. Kc3 Rc5+ 44. Kd2 Ra5 45. Rf1 Rb5 46. Kc3
Rc5+ 47. Kd2 Re5 48. Kd3 Rb5 49. Kc3 Rb6 50. Ra1 Kf7 51. Rf1+ Ke6 52. Rf8 Ke5
53. Rg8 d5 54. exd5 Kxd5 55. Rd8+ Ke4 56. Re8 e5 57. Rf8 Rc6+ 58. Kd2 Rd6+ 59.
Kc3 Rc6+ 60. Kd2 Kd5 61. Rf6 Rxf6 62. gxf6 Ke6 63. Ke3 Kxf6 64. Ke4 g5 65. hxg5+
Kxg5 66. b4 h4 67. Kf3 Kf5 68. b5 e4+ 69. Kg2 Kf4 0-1

[Event "Titled Tue 3rd Jan Late"]
[Site "chess.com INT"]
[Date "2025.06.03"]
[Round "1"]
[White "Akkara, Omer"]
[Black "Pulido Alvarez, Ariel"]
[Result "1-0"]
[WhiteTitle "CM"]
[BlackTitle "FM"]
[WhiteElo "2036"]
[BlackElo "2252"]
[WhiteFideId "26319802"]
[BlackFideId "3503011"]
[EventDate "2025.06.03"]

1. e4 c5 2. Nf3 e6 3. b3 d6 4. Bb2 Nf6 5. Nc3 Be7 6. Be2 O-O 7. O-O Nc6 8. h3 b6
9. d4 cxd4 10. Nxd4 Bb7 11. Nxc6 Bxc6 12. Bd3 Qc7 13. Re1 Rac8 14. Qe2 Nd7 15.
Nb5 Qb8 16. Nd4 Bb7 17. Bb5 Ne5 18. Rac1 Bf6 19. f4 Ng6 20. Qf2 Bh4 21. g3 Bf6
22. Rcd1 Ba8 23. Ba3 Rfd8 24. Nf3 Qc7 25. Bd3 Bc3 26. Re2 Qb7 27. Rf1 d5 28.
exd5 Qxd5 29. Kh2 Qa5 30. Bc1 Qxa2 31. f5 exf5 32. Bxf5 Bxf3 33. Qxf3 Rc7 34.
Bf4 Nxf4 35. Qxf4 Rb7 36. Be4 Re7 37. Bxh7+ Kxh7 38. Rxe7 Qxc2+ 39. Rf2 Qg6 40.
Rxf7 Rd4 41. Qf5 Qxf5 42. R7xf5 a5 43. Rb5 Rb4 44. Rxb4 Bxb4 45. Rf5 Bc5 46. Kg2
Kg6 47. Rd5 Kf6 48. Kf3 Ke6 49. Ke4 g6 50. Re5+ Kf6 51. g4 Bg1 52. Rd5 Bc5 53.
Rd7 Kg5 54. Rh7 Bf2 55. Kd5 Bg3 56. Kc6 Bf2 57. Kb5 Be3 58. Re7 Bf2 59. Re5+ 1-0

[Event "Titled Tue 3rd Jan Late"]
[Site "chess.com INT"]
[Date "2025.06.03"]
[Round "1"]
[White "Yilmaz, Baver"]
[Black "Zhukovskyi, Oleksandr"]
[Result "1-0"]
[WhiteTitle "FM"]
[BlackTitle "CM"]
[WhiteElo "2233"]
[BlackElo "2153"]
[WhiteFideId "26363542"]
[BlackFideId "14169371"]
[EventDate "2025.06.03"]

1. e4 Nf6 2. e5 Nd5 3. d4 d6 4. Nf3 dxe5 5. Nxe5 c6 6. Bc4 Bf5 7. O-O Nd7 8. Nf3
e6 9. Bb3 Bd6 10. a3 O-O 11. c4 N5f6 12. Nc3 Qc7 13. Bc2 Bg4 14. h3 Bh5 15. Qd3
Bg6 16. Qe2 Rad8 17. Rd1 Rfe8 18. Bxg6 hxg6 19. Bg5 Bf4 20. Bxf6 Nxf6 21. g3 Bd6
22. c5 Be7 23. Kg2 Nd5 24. Ne4 Rd7 25. Ne5 Rdd8 26. b4 Bf6 27. Nc4 Re7 28. Ned6
Nc3 29. Qf3 Nxd1 30. Rxd1 Red7 31. h4 Rf8 32. Qe4 Be7 33. Rh1 Bxd6 34. Nxd6 Rxd6
35. cxd6 Qxd6 36. h5 gxh5 37. Rxh5 g6 38. Rh1 Qd5 39. Qxd5 cxd5 40. Rc1 f6 41.
f4 Rf7 42. a4 Re7 43. Kf3 Kf7 44. Rc8 Re8 45. Rc5 Re7 46. Ke3 Rd7 47. g4 Ke7 48.
Rc8 Kd6 49. Rf8 Ke7 50. Ra8 a6 51. Rc8 g5 52. fxg5 fxg5 53. Kd3 Kf6 54. a5 e5
55. Rf8+ Kg7 56. Rf5 exd4 57. Rxg5+ Kf6 58. Rf5+ Ke6 59. Kxd4 Rc7 60. Re5+ Kf6
61. Rxd5 Rc1 62. g5+ Ke6 63. Re5+ Kd6 64. Rc5 Rd1+ 65. Ke4 Re1+ 66. Kf5 Rg1 67.
g6 Rf1+ 68. Kg5 Rh1 69. g7 Ke7 70. Kg6 Rg1+ 71. Rg5 1-0